000 00380nam a2200169Ia 4500
001 4202
003 IN-NITTTR
005 20251114232957.0
008 251113s9999||||xx |||||||||||||| ||eng||
040 _beng
040 _cIN-NITTTR
041 _aeng
082 _a519.5 K143M
100 _aSaxena, H. C.
245 0 _aMathematical statistics /
_cSaxena, H. C.
942 _2ddc
_cBK
999 _c6804
_d6804